• 首页
  • 本馆介绍
  • 公告通知
  • 最新文献
  • 馆藏检索
  • 电子资源
  • 读者导购
  • 参考咨询
  • 我的图书馆
  • 登录
  • 详细信息显示
  • 放入我的书架
  • 预约/预借图书
  • 作者相关作品
  • 分类相关作品
  • 丛书相关作品
  • 出版社相关作品

书目信息

  • 表格格式
  • 工作单格式
  • 卡片格式
题名:
南少林五祖拳
    
 
作者: 陈火裕 著
分册:  
出版信息: 北京   人民体育出版社  2010
页数: 127页
开本: 21cm
丛书名:
单 册:
中图分类: G852.13
科图分类:
主题词: 南拳--套路(武术) , 南拳 , 套路(武术)
电子资源:
ISBN: 978-7-5009-3771-5
000 00746nam0 2200253 45
001 1130729874
005 20110310094852.59
010    @a978-7-5009-3771-5@dCNY14.00
100    @a20110123d2010 em y0chiy50 ea
101 0  @achi
102    @aCN@b110000
105    @aa z 000yy
106    @ar
200 1  @a南少林五祖拳@ANan Shao Lin Wu Zu Quan@f陈火裕著@FChen Huo Yu Zhu
210    @a北京@c人民体育出版社@d2010
215    @a127页@c图@d21cm
330    @a本书内容包括:南少林五祖拳概述,五祖拳招法,五祖三战拳,五祖拳打角拳等。
606 0  @a南拳@x套路(武术)
606 0  @a南拳
606 0  @a套路(武术)
690    @aG852.13@v4
701  0 @a陈火裕@AChen Huo Yu@4著
801  0 @aCN@bTANGWEI@c20110310
905    @b0531802-05@dG852.13@e193@f4
    
    南少林五祖拳/陈火裕著.-北京:人民体育出版社,2010
    127页:图;21cm
    
    
    ISBN 978-7-5009-3771-5:CNY14.00
    本书内容包括:南少林五祖拳概述,五祖拳招法,五祖三战拳,五祖拳打角拳等。
●
相关链接 在E读中查询图书 在五车中查询图书 在当当中查询图书 在豆瓣中查询图书


正题名:南少林五祖拳     索取号:G852.13/193         预约/预借

序号 登录号 条形码 馆藏地/架位号 状态 备注
1 0531802   205318020   第一样本阅览室/ [索取号:G852.13/193] 在馆    
2 0531803   205318039   密集书库-体育系/ [索取号:G852.13/193] 在馆    
3 0531804   205318048   第四借阅区/ [索取号:G852.13/193] 在馆    
4 0531805   205318057   第四借阅区/ [索取号:G852.13/193] 在馆    
唐山师范学院图书馆 欢迎您!
大连网信软件有限公司© 版权所有